000 00734cam a2200277 4500
008 090401t1974 xxu||||| |||| 00| 0 eng d
020 _a0902132172
035 _a(Sirsi) u54881
041 _aeng
050 _a631.1
110 _aCALUS
245 _aManagement problems on the landed estate
260 _aReading
_bCollege of Estate Management
_c1974
300 _a102p. ; 21cm.
350 _a4.5
490 _aProperty Studies in the United Kingdom and Overseas
_v5
650 _aFARMING
650 _aInsurance
_96249
650 _aLANDED ESTATES
650 _aTAXATION
650 _aVALUE ADDED TAX
650 _aWAGES
700 _aDavidson,A.W. & Leonard,J.E.,
_xEditor
942 _n0
948 _c04/03/1997
999 _c93512
_d93512